• Ebeling, Gerhard,

di Personal Name

Records bibliografici associati: 1

001 - CONTROL NUMBER

  • control field: 55949

003 - CONTROL NUMBER IDENTIFIER

  • control field: IT-RoINE

005 - DATE AND TIME OF LATEST TRANSACTION

  • control field: 20190114054450.0

008 - FIXED-LENGTH DATA ELEMENTS

  • fixed length control field: 190114|| aca||aabn | a|a d

040 ## - CATALOGING SOURCE

  • Original cataloging agency: IT-RoINE
  • Transcribing agency: IT-RoINE

100 ## - HEADING--PERSONAL NAME

  • Personal name: Ebeling, Gerhard,
  • Dates associated with a name: 1912-2001

670 ## - SOURCE DATA FOUND

  • Source citation: Work cat.: (IT-RoINE)0: Ebeling, Gerhard, 1912-2001, Martin Lutero, l'itinerario e il messaggio /, [1988]